000 00724nam a2200253Ia 4500
003 OSt
005 20220926005409.0
006 a|||||r|||| 00| 0
007 ta
008 220923b |||||||| |||| 00| 0 eng d
037 _cGeneral Book
040 _aRTL
_cRTL
_beng
041 _2eng
_aeng
082 _aY48-31.252.N7, L4
100 _aRangnath
_9310191
245 0 _aChanging pattern of rural leadership in Uttar Pradesh
260 _a New Delhi
_bSindhu Publicatiors
_c1974
300 _aix, 164p
_ccm.
490 _aIndian Academy of Social Sciences
500 _aIndex:P163-64
650 _aElites
942 _hY48-31.252.N7, L4
_cGB
_2CC
999 _c613669
_d613669